000 01232nam a22003617a 4500
003 CHAP
005 20220329140009.0
008 971013s1977 r 00010 d
010 _a45268
011 _a46240
035 _a50381
040 _cCHAP
082 _a574.8732
_bR4
100 0 0 _aRees, H.
_995438
245 _aChromosome genetics
260 _aBaltimore :
_bUniversity Park Press,
_c1977
300 _a151 p.
_b: ilus.
490 _aGenetics-principles and perspective
_v; 3
590 _aBATCH-UPD
_b10
_c20130110
_lUCH01
_h0000
590 _aBATCH-UPD
_b10
_c20130110
_lUCH01
_h1817
590 _aBATCH-UPD
_b10
_c20130410
_lUCH01
_h1151
590 _aBATCH-UPD
_b10
_c20130914
_lUCH01
_h1104
590 _aCONVERSION
_b10
_c20130109
_lUCH01
_h1325
650 1 4 _aCromosomas.
_929152
650 1 4 _aGenética.
_947469
700 0 _aJones, R. S.
_962062
830 0 _aGenetics-principles and perspective
_v; 3
_947461
901 _aBK
942 _cLIBRO
949 _a574.8732 R4
_bBC
_cLIBRO
_d33724000474201
_eLIBRO
_h37735
_i50381
_si
_t411.00
949 _a574.8732 R4
_bBC
_cLIBRO
_d33724000474219
_eLIBRO
_fc.2
_h51260
_i50381
_si
_t411.00
949 _a574.8732 R4
_bBC
_cLIBRO
_d33724000474227
_eLIBRO
_fc.3
_h51261
_i50381
_si
_t411.00
999 _c45268
_d45268